000
00282nam a22001337a 4500
999
_c
534152
_d
534152
020
_a
9655661482
040
_c
MSOHAIL
082
_a
954.91
100
_a
Miraj Khalid
_9
28298
245
_a
Miraj Nama
260
_a
Lahore
_b
Jhangir Box
_c
N.D
300
_a
408;P
942
_2
ddc
_c
BK